[Event "FBL O"]
[Site "?"]
[Date "2019.01.13"]
[Round "7.3"]
[White "Grund, Melanie"]
[Black "Daemering, Katrin"]
[Result "1-0"]
[WhiteElo "1732"]
[BlackElo "2021"]
[PlyCount "75"]
[EventDate "2018.10.27"]
[EventType "team-tourn"]
[EventCountry "GER"]
[WhiteTeam "Saalfeld MTV"]
[BlackTeam "Leipzig SV Blauweiss Allianz"]
[WhiteTeamCountry "GER"]
[BlackTeamCountry "GER"]

1. d4 Nf6 2. Nf3 g6 3. c4 Bg7 4. Nc3 O-O 5. e3 d6 6. Be2 Nbd7 7. O-O e5 8. Qc2
Re8 9. dxe5 Nxe5 10. Nxe5 Rxe5 11. b3 Bf5 12. Bd3 Bxd3 13. Qxd3 Rh5 14. h3 Nd7
15. Bb2 Qh4 16. Qd2 Re8 17. Ne2 Ne5 18. Ng3 Rh6 19. Qe2 f5 20. Rfd1 Qg5 21. Kf1
Rh4 22. Rd4 Rf8 23. Rxh4 Qxh4 24. Re1 f4 25. exf4 Qxf4 26. Qe3 Qf7 27. Re2 a6
28. c5 Qd5 29. cxd6 cxd6 30. Rd2 Qc6 31. Ne4 Nf7 32. Bxg7 Kxg7 33. Qd4+ Ne5 34.
Nxd6 Qc1+ 35. Rd1 Qg5 36. Re1 Rd8 37. Rxe5 Qf6 38. Re7+ 1-0

[Event "FBL O"]
[Site "?"]
[Date "2019.01.13"]
[Round "7.4"]
[White "Germann, Heike"]
[Black "Lorenz, Anouk"]
[Result "1/2-1/2"]
[WhiteElo "2071"]
[BlackElo "1429"]
[PlyCount "125"]
[EventDate "2018.10.27"]
[EventType "team-tourn"]
[EventCountry "GER"]
[WhiteTeam "Leipzig SV Blauweiss Allianz"]
[BlackTeam "Saalfeld MTV"]
[WhiteTeamCountry "GER"]
[BlackTeamCountry "GER"]

1. d4 f5 2. Bg5 g6 3. e3 Bg7 4. Bd3 Nf6 5. Nc3 O-O 6. Qe2 d6 7. O-O-O c6 8. h4
Nh5 9. Nh3 h6 10. Bf4 Nxf4 11. Nxf4 Qe8 12. Bc4+ Kh7 13. Be6 Na6 14. g4 Bxe6
15. Nxe6 Rf6 16. gxf5 Rxf5 17. Nxg7 Kxg7 18. Rhg1 Qf7 19. Rg2 Kh7 20. Rdg1 b5
21. e4 Rf4 22. d5 Nc5 23. f3 b4 24. Nd1 cxd5 25. exd5 Rg8 26. Rg3 Rg7 27. Ne3
Rxh4 28. Qg2 Rh5 29. Qd2 a5 30. c3 bxc3 31. bxc3 Qe8 32. Qc2 e6 33. c4 exd5 34.
Nxd5 Rf5 35. Rxg6 Rxg6 36. Qxf5 Qe6 37. Qc2 Na6 38. a3 Nc5 39. Kb1 Kg7 40. Qc3+
Kf7 41. Re1 Qf5+ 42. Ka1 Re6 43. Rxe6 Nxe6 44. Qxa5 Qxf3 45. Qa7+ Kg6 46. Qg1+
Kf5 47. Kb2 Qe2+ 48. Kc3 Qe5+ 49. Kc2 Nd4+ 50. Kb1 Qe4+ 51. Ka1 Nb3+ 52. Kb2
Qd4+ 53. Qxd4 Nxd4 54. Kc3 Nc6 55. Kd3 Ne5+ 56. Kd4 h5 57. c5 dxc5+ 58. Kxc5 h4
59. Ne3+ Kg5 60. Nf1 h3 61. a4 Nd7+ 62. Kc6 Ne5+ 63. Kd5 1/2-1/2

[Event "FBL O"]
[Site "?"]
[Date "2019.01.13"]
[Round "7.6"]
[White "Just, Anita"]
[Black "Lorenz, Keana"]
[Result "1-0"]
[WhiteElo "1872"]
[BlackElo "1454"]
[PlyCount "41"]
[EventDate "2018.10.27"]
[EventType "team-tourn"]
[EventCountry "GER"]
[WhiteTeam "Leipzig SV Blauweiss Allianz"]
[BlackTeam "Saalfeld MTV"]
[WhiteTeamCountry "GER"]
[BlackTeamCountry "GER"]

1. e4 c5 2. Nf3 Nc6 3. d4 cxd4 4. Nxd4 g6 5. Nc3 Bg7 6. Be3 Nf6 7. Bc4 O-O 8.
f3 Qb6 9. Bb3 Nxe4 10. Nd5 Qa5+ 11. c3 Nd6 12. Nxc6 bxc6 13. Nxe7+ Kh8 14. Qxd6
Ba6 15. Kf2 Qb5 16. Rhe1 Qh5 17. Bd4 Qh4+ 18. Kg1 f6 19. Re4 Qh5 20. Rae1 Bh6
21. Bxf6+ 1-0

[Event "FBL O"]
[Site "?"]
[Date "2019.01.13"]
[Round "7.1"]
[White "Skibbe, Diana"]
[Black "Reizniece Ozola, Dana"]
[Result "0-1"]
[WhiteElo "2028"]
[BlackElo "2311"]
[PlyCount "64"]
[EventDate "2018.10.27"]
[EventType "team-tourn"]
[EventCountry "GER"]
[WhiteTeam "Zeulenroda SC Rochade"]
[BlackTeam "Loeberitz SG"]
[WhiteTeamCountry "GER"]
[BlackTeamCountry "GER"]

1. f4 d6 2. Nf3 Nf6 3. g3 g6 4. Bg2 Bg7 5. O-O O-O 6. d4 Nbd7 7. Nc3 c6 8. h3
Qc7 9. e4 e5 10. dxe5 dxe5 11. f5 b5 12. Nh4 b4 13. Nb1 Nc5 14. Qe1 Ba6 15. Rf2
Rad8 16. Bg5 h6 17. Bxf6 Bxf6 18. fxg6 Bxh4 19. gxh4 fxg6 20. Rxf8+ Rxf8 21.
Nd2 Ne6 22. Nf3 Qe7 23. Qe3 Nf4 24. Kh2 Be2 25. Rg1 Kh8 26. h5 g5 27. Bf1 Bxf3
28. Qxf3 Ne6 29. Qe2 Nd4 30. Qg4 Nf3+ 31. Kh1 Nxg1 32. Kxg1 Qc5+ 0-1

[Event "FBL O"]
[Site "?"]
[Date "2019.01.13"]
[Round "7.2"]
[White "Otikova, Elina"]
[Black "Jacke, Corinna"]
[Result "0-1"]
[WhiteElo "2081"]
[BlackElo "1987"]
[PlyCount "74"]
[EventDate "2018.10.27"]
[EventType "team-tourn"]
[EventCountry "GER"]
[WhiteTeam "Loeberitz SG"]
[BlackTeam "Zeulenroda SC Rochade"]
[WhiteTeamCountry "GER"]
[BlackTeamCountry "GER"]

1. e4 e6 2. d4 d5 3. Nd2 Nf6 4. e5 Nfd7 5. Bd3 c5 6. c3 Nc6 7. Ne2 cxd4 8. cxd4
f6 9. exf6 Nxf6 10. Nf3 Bd6 11. O-O O-O 12. Bg5 Qe8 13. Ng3 Bxg3 14. fxg3 Qh5
15. h3 Nxd4 16. Be3 Nxf3+ 17. Rxf3 Bd7 18. g4 Qe5 19. Qb1 Nxg4 20. hxg4 Rxf3
21. gxf3 Qxe3+ 22. Kg2 h6 23. Qc2 Rc8 24. Qb3 Qd2+ 25. Kg3 Rf8 26. Rf1 Qf4+ 27.
Kg2 Bc6 28. Bb1 Kh8 29. Qd3 Kg8 30. Qh7+ Kf7 31. Qg6+ Ke7 32. Qxg7+ Rf7 33. Qc3
d4 34. Qc5+ Kd7 35. Be4 Bxe4 36. Qxd4+ Bd5 37. Qxf4 Rxf4 0-1

[Event "FBL O"]
[Site "?"]
[Date "2019.01.13"]
[Round "7.3"]
[White "Schott, Maria"]
[Black "Naumann, Nadine"]
[Result "1/2-1/2"]
[WhiteElo "1832"]
[BlackElo "1963"]
[PlyCount "31"]
[EventDate "2018.10.27"]
[EventType "team-tourn"]
[EventCountry "GER"]
[WhiteTeam "Zeulenroda SC Rochade"]
[BlackTeam "Loeberitz SG"]
[WhiteTeamCountry "GER"]
[BlackTeamCountry "GER"]

1. Nf3 d5 2. d4 c6 3. c4 e6 4. Nc3 Nf6 5. Bg5 dxc4 6. e4 b5 7. e5 h6 8. Bh4 g5
9. Nxg5 hxg5 10. Bxg5 Qb6 11. exf6 Bb7 12. Be2 Nd7 13. Bf3 b4 14. Ne4 Qb5 15.
Bf4 O-O-O 16. Qe2 1/2-1/2

[Event "FBL O"]
[Site "?"]
[Date "2019.01.13"]
[Round "7.4"]
[White "Giebel, Christine"]
[Black "Wagner, Victoria"]
[Result "1/2-1/2"]
[WhiteElo "1840"]
[BlackElo "1761"]
[PlyCount "45"]
[EventDate "2018.10.27"]
[EventType "team-tourn"]
[EventCountry "GER"]
[WhiteTeam "Loeberitz SG"]
[BlackTeam "Zeulenroda SC Rochade"]
[WhiteTeamCountry "GER"]
[BlackTeamCountry "GER"]

1. e4 c5 2. c3 d6 3. d4 Nf6 4. Bd3 Nc6 5. Ne2 e5 6. d5 Ne7 7. O-O Ng6 8. Nd2
Be7 9. b4 b6 10. a4 a5 11. b5 h5 12. Nf3 h4 13. h3 Nh5 14. Nh2 Bg5 15. Bd2 Bxd2
16. Qxd2 Ngf4 17. f3 Qg5 18. Nxf4 Nxf4 19. Kh1 Qg3 20. Rad1 Qg6 21. Ng4 Bxg4
22. fxg4 Qh6 23. Qf2 1/2-1/2

[Event "FBL O"]
[Site "?"]
[Date "2019.01.13"]
[Round "7.5"]
[White "Wagner, Margarethe"]
[Black "Schuster, Rebekka"]
[Result "1/2-1/2"]
[WhiteElo "1693"]
[BlackElo "1823"]
[PlyCount "91"]
[EventDate "2018.10.27"]
[EventType "team-tourn"]
[EventCountry "GER"]
[WhiteTeam "Zeulenroda SC Rochade"]
[BlackTeam "Loeberitz SG"]
[WhiteTeamCountry "GER"]
[BlackTeamCountry "GER"]

1. e4 e6 2. d4 d5 3. e5 c5 4. c3 Nc6 5. Nf3 Nge7 6. Bd3 Qb6 7. a3 cxd4 8. cxd4
Nf5 9. Bxf5 exf5 10. Nc3 Be6 11. O-O Be7 12. b4 O-O 13. Be3 f6 14. Re1 Rad8 15.
Ne2 a5 16. Nf4 Bf7 17. e6 Be8 18. bxa5 Nxa5 19. Qd3 g5 20. Rab1 Qc6 21. Ne2 f4
22. Rec1 Qxe6 23. Qc3 Nc4 24. Bd2 Bxa3 25. Re1 Qc6 26. Qb3 b5 27. Bb4 Bxb4 28.
Qxb4 Rb8 29. Nc3 Rf7 30. Na4 Ra7 31. Nc5 Rba8 32. Re6 Qc7 33. Rxf6 Qd8 34. Rf5
Bg6 35. Rxg5 Kh8 36. Re1 Ra1 37. Ne6 Rxe1+ 38. Qxe1 Qf6 39. Nc5 Re8 40. Qc1 Be4
41. Nd7 Qe7 42. Nde5 Qf6 43. Nd7 Qe7 44. Nde5 Bxf3 45. Nxf3 Qe4 46. Rg4 1/2-1/2

[Event "FBL O"]
[Site "?"]
[Date "2019.01.13"]
[Round "7.6"]
[White "Reiss, Viktoria"]
[Black "Riemer Nlula, Marion"]
[Result "0-1"]
[WhiteElo "1406"]
[BlackElo "1805"]
[PlyCount "54"]
[EventDate "2018.10.27"]
[EventType "team-tourn"]
[EventCountry "GER"]
[WhiteTeam "Loeberitz SG"]
[BlackTeam "Zeulenroda SC Rochade"]
[WhiteTeamCountry "GER"]
[BlackTeamCountry "GER"]

1. e4 d5 2. exd5 Nf6 3. Nf3 Nxd5 4. c3 Bg4 5. d4 Nd7 6. Be2 e6 7. O-O Be7 8.
Re1 c6 9. h3 Bh5 10. Nh2 Bxe2 11. Qxe2 N7f6 12. Ng4 Nxg4 13. Qxg4 g6 14. Nd2 h5
15. Qe4 Nf6 16. Qe2 Qd5 17. Nf3 Nd7 18. Ne5 Nxe5 19. Qxe5 Qxe5 20. dxe5 O-O-O
21. b4 Rd3 22. Re3 Rd1+ 23. Kh2 Bg5 24. Bb2 Rxa1 25. Bxa1 Bxe3 26. fxe3 Rd8 27.
c4 Rd2 0-1